000
00340nam a2200145Ia 4500
008
150201s2004 xx 000 0 und d
082
_a
616.0757
_b
R04C
100
_a
CHESNEY,MO
245
_a
RADIOGRAPHIC IMAGING
250
_a
4TH
260
_b
CBS
_a
DELHI
_c
2004
300
_a
1-530
650
_a
RADIOLOGY & DIAGNOSIS
942
_2
ddc
_c
BK
_0
31
999
_c
368
_d
368